Mastering Finance. 6 Zvláštna príloha
Behaviorálne financovanie. Problém krátkodobosti finančných trhov. Fenomén predpojatosti investora proti domácim akciám. Polemika s teóriou efektívneho portfólia. Prevzatie a vykupovanie akcií na dlh.
Guardado en:
| Formato: | Capítulo de libro |
|---|---|
| Lenguaje: | eslovaco |
| Materias: | |
| Etiquetas: |
Sin Etiquetas, Sea el primero en etiquetar este registro!
|
MARC
| LEADER | 00000naa a2200000 4500 | ||
|---|---|---|---|
| 001 | r028037 | ||
| 005 | 20251104124515.6 | ||
| 041 | 0 | |a slo | |
| 044 | |a SK | ||
| 245 | 1 | 0 | |a Mastering Finance. 6 |b Zvláštna príloha |
| 520 | |a Behaviorálne financovanie. Problém krátkodobosti finančných trhov. Fenomén predpojatosti investora proti domácim akciám. Polemika s teóriou efektívneho portfólia. Prevzatie a vykupovanie akcií na dlh. | ||
| 610 | 2 | 0 | |a trh finančný |
| 610 | 2 | 0 | |a financovanie |
| 610 | 2 | 0 | |a akcie |
| 610 | 2 | 0 | |a trh kapitálový |
| 610 | 2 | 0 | |a portfólio |
| 610 | 2 | 0 | |a teória portfólia |